Poroučenstwo Pána Ježissa Krista

Podrobná bibliografia
Ďalší autori: Machold, Filip (Tlačiar)
Médium: Kniha
Jazyk:slovenčina
Fyzický popis:8 strán 15,5 cm
Predmet:

MARC

LEADER 00000nam a2200000 4500
001 vtls012254314
003 SK-MaSNL
005 20260301203513.0
008 251112s1800 xo a f 000 0 slo
015 |a SNBHFA 
040 |a SNKHF  |b slo  |c SNKHF  |e rda 
041 0 |a slo 
044 |a xo  |c SK 
072 7 |a 2  |x Náboženstvo  |2 konspekt 
080 |a 21/29-1/-9  |2 2011 
130 0 |a Poroučenstwo  |9 587076 
245 1 0 |a Poroučenstwo Pána Ježissa Krista 
264 3 |a W B. Bystrici  |b tlačou Filipa Macholda  |c [1800-1899] 
300 |a 8 strán  |c 15,5 cm 
336 |a text  |b txt  |2 rdacontent 
337 |a bez média  |b n  |2 rdamedia 
338 |a zväzok  |b nc  |2 rdacarrier 
500 |a Drevorez na titulnom liste 
546 |a Slovenský text  |b Fraktúra 
561 |a Proveniencia: vlepený Exlibris: Matica Slovenská.  |5 SNK SE 3042 
563 |a Väzba: previazaná v pevnom zelenom prebale.  |5 SNK SE 3042 
650 0 7 |a náboženstvo  |2 SNKPH  |9 2023 
655 7 |a odporúčania  |2 SNKPH  |9 455869 
700 1 |a Machold, Filip  |4 prt  |9 373673 
710 2 |a Matica slovenská  |4 fmo  |9 14662 
752 |a Slovensko  |d Banská Bystrica 
852 |a snk  |p SE 3042 
958 |a ONDV 
958 |a DF 
999 |c 902863  |d 904793 
952 |a SNK  |b SNK  |y PREZ  |7 0  |p 17A0721375  |o snkSE 3042  |i snkK 3892/60  |8 3  |0 0  |1 0  |4 0  |d 2024-04-10  |f 1  |l 0  |r 2026-02-24 07:18:56  |w 2026-02-24